[Event "IND-ch 59th"]
[Site "New Delhi"]
[Date "2023.01.03"]
[Round "13"]
[White "Badrinath, S."]
[Black "Sai, Vishwesh C"]
[Result "1-0"]
[WhiteElo "1938"]
[BlackElo "2219"]
[PlyCount "63"]
[EventDate "2022.12.22"]
[EventType "swiss"]
[EventRounds "13"]
[EventCountry "IND"]
[SourceTitle "CBM 211 Extra"]
[Source "ChessBase"]
[SourceDate "2023.01.31"]
[SourceVersion "1"]
[SourceVersionDate "2023.01.31"]
[SourceQuality "1"]

1. e4 c5 2. Nf3 Nc6 3. Bb5 g6 4. Bxc6 bxc6 5. 0-0 Bg7 6. d3 d5 7. h3 Ba6 8. Re1 dxe4 9. Rxe4 Nf6 10. Re1 0-0 11. Nbd2 Nd5 12. Ne4 Qb6 13. c4 Nc7 14. Be3 Ne6 15. Rb1 Rfd8 16. Qc2 Bd4 17. Bxd4 cxd4 18. b4 Qc7 19. Qd2 Kg7 20. Neg5 Nxg5 21. Qxg5 f6 22. Qc5 e5 23. Nd2 Bc8 24. f4 Bf5 25. fxe5 Bxd3 26. Rb3 Bf5 27. g4 Bc2 28. exf6+ Kh6 29. Re5 g5 30. Rxg5 Rg8 31. Rxg8 Rxg8 32. Qh5# 1-0

[Event "IND-ch 59th"]
[Site "New Delhi"]
[Date "2022.12.29"]
[Round "8"]
[White "Krishnan, Ritvik"]
[Black "Badrinath, S."]
[Result "0-1"]
[WhiteElo "2266"]
[BlackElo "1938"]
[PlyCount "114"]
[EventDate "2022.12.22"]
[EventType "swiss"]
[EventRounds "13"]
[EventCountry "IND"]
[SourceTitle "CBM 211 Extra"]
[Source "ChessBase"]
[SourceDate "2023.01.31"]
[SourceVersion "1"]
[SourceVersionDate "2023.01.31"]
[SourceQuality "1"]

1. d4 d5 2. c4 dxc4 3. e4 e5 4. Nf3 exd4 5. Bxc4 Nc6 6. 0-0 Be6 7. Bb5 Bc5 8. Nbd2 Nge7 9. Nb3 Qd6 10. Nxc5 Qxc5 11. Nxd4 0-0-0 12. Nxe6 fxe6 13. Qa4 Nd4 14. Bc4 Kb8 15. Be3 e5 16. Rac1 Rhf8 17. Rc3 Nc8 18. Bd3 Qd6 19. Rfc1 Rf7 20. Kh1 h6 21. Bf1 g5 22. Rc5 c6 23. b4 Rc7 24. Qd1 Qf6 25. Qe1 b6 26. R5c3 g4 27. a4 h5 28. a5 h4 29. axb6 axb6 30. Ra3 h3 31. Rca1 hxg2+ 32. Bxg2 Ra7 33. Rxa7 Nxa7 34. Qf1 Nab5 35. Qc4 Kb7 36. Qa2 Rh8 37. Bxd4 exd4 38. Kg1 Qe5 39. Qf7+ Nc7 40. b5 c5 41. Qg6 Nxb5 42. Qxg4 Qxh2+ 43. Kf1 Qe5 44. Rb1 Nc7 45. Qg6 b5 46. Qf7 Kb6 47. f4 Qe6 48. Qg7 Rg8 49. Qh7 Qg4 50. Qh2 Ne6 51. f5 Nf4 52. Bh1 d3 53. Rxb5+ Kxb5 54. Qb2+ Ka6 55. Qa2+ Kb6 56. Qb2+ Kc7 57. Qe5+ Kd7 0-1

[Event "IND-ch 59th"]
[Site "New Delhi"]
[Date "2022.12.25"]
[Round "4"]
[White "Goel, Pratyaksh"]
[Black "Badrinath, S."]
[Result "0-1"]
[WhiteElo "1717"]
[BlackElo "1938"]
[PlyCount "102"]
[EventDate "2022.12.22"]
[EventType "swiss"]
[EventRounds "13"]
[EventCountry "IND"]
[SourceTitle "CBM 211 Extra"]
[Source "ChessBase"]
[SourceDate "2023.01.31"]
[SourceVersion "1"]
[SourceVersionDate "2023.01.31"]
[SourceQuality "1"]

1. d4 Nf6 2. Bf4 g6 3. Nc3 d5 4. Qd2 Bg7 5. Bh6 Bxh6 6. Qxh6 c5 7. e3 Nc6 8. dxc5 Qa5 9. Bb5 a6 10. Bxc6+ bxc6 11. Nge2 Qxc5 12. 0-0 Rb8 13. b3 Bf5 14. Na4 Qd6 15. Rac1 Ng4 16. Qh4 g5 17. Qg3 e5 18. Nd4 Bd7 19. h3 Nh6 20. c4 f6 21. Rfe1 Nf7 22. c5 Qc7 23. Nb6 0-0 24. b4 Qd8 25. Nb3 Kh8 26. e4 d4 27. Na5 Rg8 28. Qd3 Qc7 29. Qxa6 Bc8 30. Qd3 g4 31. h4 Be6 32. a4 g3 33. fxg3 Rg6 34. h5 Rh6 35. Rf1 Rg8 36. Ra1 Rg5 37. Qa6 Rxg3 38. Qa8+ Kg7 39. Qxc6 Qe7 40. Nd5 Bxd5 41. exd5 f5 42. d6 Qg5 43. Ra2 Qxh5 44. Qd5 Qh2+ 45. Kf2 Re3 46. Nc4 Qf4+ 47. Kg1 Rh1+ 48. Kxh1 Qxf1+ 49. Kh2 Qf4+ 50. g3 Qxg3+ 51. Kh1 Re1# 0-1

[Event "IND-ch 59th"]
[Site "New Delhi"]
[Date "2022.12.23"]
[Round "2"]
[White "Badrinath, S."]
[Black "Devansh, Singh"]
[Result "1-0"]
[WhiteElo "1938"]
[BlackElo "1613"]
[PlyCount "137"]
[EventDate "2022.12.22"]
[EventType "swiss"]
[EventRounds "13"]
[EventCountry "IND"]
[SourceTitle "CBM 211 Extra"]
[Source "ChessBase"]
[SourceDate "2023.01.31"]
[SourceVersion "1"]
[SourceVersionDate "2023.01.31"]
[SourceQuality "1"]

1. e4 e5 2. Nf3 Nc6 3. Bc4 Nf6 4. d3 Bc5 5. c3 d6 6. Bb3 h6 7. Nbd2 a6 8. h3 Ba7 9. Nf1 Na5 10. Bc2 b5 11. a4 Nb7 12. Be3 Bxe3 13. Nxe3 Rb8 14. d4 exd4 15. Nxd4 Bd7 16. axb5 axb5 17. b4 c5 18. Ndf5 Bxf5 19. Nxf5 g6 20. Ne3 0-0 21. 0-0 Re8 22. Qf3 Qe7 23. Ra7 Qe5 24. Rd1 Re6 25. Nd5 Nd8 26. Ra6 Rc8 27. bxc5 Kg7 28. cxd6 Nxd5 29. Rxd5 Qxc3 30. Qxc3+ Rxc3 31. Bd3 b4 32. Ra8 Re8 33. d7 Rf8 34. e5 b3 35. Rc8 Rc6 36. Rb5 Ra6 37. Rbb8 Ra1+ 38. Kh2 Rd1 39. Rxb3 Ne6 40. Rbb8 Rxd3 41. Rxf8 Nxf8 42. d8Q Rxd8 43. Rxd8 Ne6 44. Re8 Nc7 45. Rc8 Ne6 46. g3 g5 47. Kg2 Kg6 48. Rh8 Kg7 49. Re8 Kg6 50. Rh8 h5 51. Kf3 Kf5 52. Rxh5 Kxe5 53. h4 Kf5 54. hxg5 Nxg5+ 55. Ke3 Kg6 56. g4 f6 57. f4 Nf7 58. f5+ Kg7 59. Kf4 Kf8 60. Rh1 Ng5 61. Ra1 Kg7 62. Ra7+ Kh6 63. Ra6 Kg7 64. Kg3 Nh7 65. Kh4 Kh6 66. g5+ Kg7 67. Ra7+ Kg8 68. g6 Nf8 69. Kh5 1-0

[Event "Bhopal op"]
[Site "Bhopal"]
[Date "2017.12.22"]
[Round "3"]
[White "Badrinath, S."]
[Black "Kunal, M."]
[Result "0-1"]
[WhiteElo "2025"]
[BlackElo "2352"]
[PlyCount "128"]
[EventDate "2017.12.21"]
[EventType "swiss"]
[EventRounds "10"]
[EventCountry "IND"]
[SourceTitle "CBM 182 Extra"]
[Source "ChessBase"]
[SourceDate "2018.02.23"]
[SourceVersion "1"]
[SourceVersionDate "2018.02.23"]
[SourceQuality "1"]

1. e4 c6 2. d3 d5 3. Nd2 g6 4. g3 Bg7 5. Bg2 e5 6. Ngf3 Ne7 7. 0-0 0-0 8. Re1 Nd7 9. b3 Re8 10. Bb2 d4 11. a4 c5 12. Nc4 Qc7 13. a5 Rb8 14. c3 Nc6 15. cxd4 exd4 16. Bc1 Nde5 17. Nfxe5 Nxe5 18. Bf4 f6 19. Rf1 Be6 20. Qd2 b5 21. axb6 axb6 22. Ra6 Bc8 23. Raa1 Be6 24. Ra6 Bc8 25. Raa1 b5 26. Na3 Qd6 27. Rab1 Be6 28. Rfd1 Ra8 29. Qb2 Qa6 30. Ra1 Nxd3 31. Rxd3 b4 32. Bf1 bxa3 33. Qc1 Qa5 34. Bd2 Qb6 35. Rxa3 Rxa3 36. Qxa3 c4 37. Ba5 Qa7 38. bxc4 Bxc4 39. Qa4 Rc8 40. Rd1 Bxf1 41. Kxf1 f5 42. exf5 gxf5 43. Qb3+ Qf7 44. Qxf7+ Kxf7 45. Bb6 Rc4 46. Ke2 Ke6 47. Kd3 Rc3+ 48. Ke2 Kd5 49. Rd3 Kc4 50. Rd2 d3+ 51. Ke3 Rb3 52. Bc7 Bd4+ 53. Kf3 Bc3 54. Rd1 Rb2 55. Bf4 h5 56. h4 Bd4 57. Rc1+ Rc2 58. Rxc2+ dxc2 59. Bc1 Kd3 60. Kf4 Bxf2 61. Kxf5 Be3 62. Ba3 Kc4 63. Ke4 Kb3 64. Kd3 Bh6 0-1

[Event "IND-ch U25 26th"]
[Site "Port Blair"]
[Date "2017.07.18"]
[Round "8"]
[White "Mitrabha, Guha"]
[Black "Badrinath, S."]
[Result "1-0"]
[WhiteElo "2301"]
[BlackElo "2019"]
[PlyCount "107"]
[EventDate "2017.07.13"]
[EventType "swiss"]
[EventRounds "9"]
[EventCountry "IND"]
[SourceTitle "EXT 2018"]
[Source "ChessBase"]
[SourceDate "2017.10.13"]
[SourceVersion "1"]
[SourceVersionDate "2017.10.13"]
[SourceQuality "1"]

1. d4 Nf6 2. c4 g6 3. g3 Bg7 4. Bg2 0-0 5. Nc3 d6 6. Nf3 Nc6 7. 0-0 a6 8. Qd3 Bd7 9. d5 Nb4 10. Qd1 a5 11. Be3 c5 12. h3 Qc8 13. Kh2 Rb8 14. Nd2 h5 15. Bg5 Re8 16. e4 Nh7 17. Be3 Nd3 18. Qb1 Nb4 19. f4 f5 20. Nf3 b5 21. a3 Na6 22. Nxb5 Bxb5 23. cxb5 Rxb5 24. Rf2 Rb3 25. Bc1 e6 26. Nd2 Rb8 27. Nc4 Qd7 28. Qd3 Bd4 29. Be3 exd5 30. exd5 Bxe3 31. Nxe3 Nf6 32. Nxf5 Qxf5 33. Qxa6 Rb3 34. Qxd6 Ree3 35. Qd8+ Kg7 36. Qc7+ Kh6 37. Qxc5 Rxg3 38. Re1 Rxg2+ 39. Rxg2 Nxd5 40. Kg1 Rxh3 41. Qxa5 Qd3 42. Qd2 Qxd2 43. Rxd2 Nxf4 44. a4 Rg3+ 45. Kh1 Nd3 46. Ra1 Nc5 47. a5 Nb3 48. Ra3 h4 49. Rd8 Rh3+ 50. Kg2 Rg3+ 51. Kf2 Kg5 52. a6 Kg4 53. a7 Rf3+ 54. Ke1 1-0

[Event "IND-ch U25 26th"]
[Site "Port Blair"]
[Date "2017.07.17"]
[Round "7"]
[White "Badrinath, S."]
[Black "Chudasama, Ankit"]
[Result "1-0"]
[WhiteElo "2019"]
[BlackElo "1612"]
[PlyCount "87"]
[EventDate "2017.07.13"]
[EventType "swiss"]
[EventRounds "9"]
[EventCountry "IND"]
[SourceTitle "EXT 2018"]
[Source "ChessBase"]
[SourceDate "2017.10.13"]
[SourceVersion "1"]
[SourceVersionDate "2017.10.13"]
[SourceQuality "1"]

1. e4 c5 2. Nf3 d6 3. d4 cxd4 4. Nxd4 Nf6 5. f3 e5 6. Nb3 d5 7. Bg5 Be6 8. Bxf6 gxf6 9. exd5 Qxd5 10. Qxd5 Bxd5 11. Nc3 Be6 12. Nb5 Na6 13. 0-0-0 Ke7 14. Nd6 Bh6+ 15. Kb1 Rhd8 16. Bxa6 bxa6 17. Nb7 Rxd1+ 18. Rxd1 Bxb3 19. axb3 Be3 20. Nd6 Ke6 21. Nc4 Bc5 22. c3 f5 23. b4 Be7 24. Kc2 h5 25. Ra1 f4 26. Rxa6+ Kf5 27. Rh6 Kg5 28. Rc6 Rg8 29. g3 h4 30. gxh4+ Kf5 31. Rc7 Ke6 32. Rxa7 Rg2+ 33. Kd3 Rxh2 34. Nxe5 Rxb2 35. Nc6 Bxh4 36. Ke4 Be1 37. Nd8+ Kf6 38. Rxf7+ Kg5 39. Rf5+ Kg6 40. Rc5 Bg3 41. Rc6+ Kh7 42. Kf5 Rd2 43. Rc7+ Kg8 44. Ne6 1-0

[Event "IND-ch U25 26th"]
[Site "Port Blair"]
[Date "2017.07.16"]
[Round "5"]
[White "Badrinath, S."]
[Black "Grahesh, Y."]
[Result "1/2-1/2"]
[WhiteElo "2019"]
[BlackElo "2063"]
[PlyCount "33"]
[EventDate "2017.07.13"]
[EventType "swiss"]
[EventRounds "9"]
[EventCountry "IND"]
[SourceTitle "EXT 2018"]
[Source "ChessBase"]
[SourceDate "2017.10.13"]
[SourceVersion "1"]
[SourceVersionDate "2017.10.13"]
[SourceQuality "1"]

1. e4 c5 2. Nf3 d6 3. d4 cxd4 4. Nxd4 Nf6 5. Nc3 Nc6 6. Be2 e5 7. Nb3 Be7 8. 0-0 0-0 9. Be3 a5 10. a4 Nb4 11. Nd5 Nfxd5 12. exd5 Bf5 13. Rc1 Na2 14. Ra1 Nb4 15. Rc1 Na2 16. Ra1 Nb4 17. Rc1 1/2-1/2

[Event "Mumbai Mayors Cup 10th"]
[Site "Mumbai"]
[Date "2017.06.07"]
[Round "5"]
[White "Badrinath, S."]
[Black "Raghunandan, Kaumandur Srihari"]
[Result "0-1"]
[WhiteElo "1990"]
[BlackElo "2410"]
[PlyCount "58"]
[EventDate "2017.06.04"]
[EventType "swiss"]
[EventRounds "10"]
[EventCountry "IND"]
[SourceTitle "CBM 178 Extra"]
[Source "ChessBase"]
[SourceDate "2017.06.22"]
[SourceVersion "1"]
[SourceVersionDate "2017.06.22"]
[SourceQuality "1"]

1. e4 c5 2. Nf3 d6 3. d4 cxd4 4. Nxd4 Nf6 5. f3 e5 6. Nb3 Be7 7. c4 a5 8. Be3 Nc6 9. Na3 0-0 10. Be2 a4 11. Nd2 Nh5 12. g3 Bh3 13. Ndb1 Bg5 14. Bf2 f5 15. Nc3 Nf6 16. Nab5 fxe4 17. fxe4 Qa5 18. Bf3 Kh8 19. Qe2 a3 20. Rd1 axb2 21. Qxb2 Nd7 22. Qe2 Nd4 23. Bxd4 exd4 24. Rxd4 Bf6 25. Rd3 Nc5 26. Re3 Bg5 27. Kd2 Be6 28. h4 Bxe3+ 29. Kxe3 Nd7 0-1

[Event "Mumbai Mayors Cup 10th"]
[Site "Mumbai"]
[Date "2017.06.07"]
[Round "6"]
[White "Yogit, S."]
[Black "Badrinath, S."]
[Result "1/2-1/2"]
[WhiteElo "2200"]
[BlackElo "1990"]
[PlyCount "40"]
[EventDate "2017.06.04"]
[EventType "swiss"]
[EventRounds "10"]
[EventCountry "IND"]
[SourceTitle "CBM 178 Extra"]
[Source "ChessBase"]
[SourceDate "2017.06.22"]
[SourceVersion "1"]
[SourceVersionDate "2017.06.22"]
[SourceQuality "1"]

1. b3 e5 2. Bb2 Nc6 3. e3 Nf6 4. Bb5 e4 5. Ne2 a6 6. Bxc6 dxc6 7. Ng3 Bg4 8. Qc1 Bd6 9. h3 Bxg3 10. fxg3 Qd6 11. 0-0 Bxh3 12. Rf4 Be6 13. Bxf6 gxf6 14. Nc3 f5 15. g4 Qe5 16. Qf1 fxg4 17. Rxe4 Qg7 18. Rd4 c5 19. Rd3 Qe5 20. Re1 0-0 1/2-1/2